000 01103nam a2200337 a 4500
001 000009447
003 DO-SdBPM
005 20251017085842.0
007 ta
008 090930s2021 dr 001 0 spa
020 _a9789945503944
040 _aDO-SdBPM
_bspa
_cBPMSU
_erda
082 4 _aRD863.5
_bM492c 2021
_222
100 1 _a Medrano, Jesús Mariano
_eautor
_d
245 1 0 _a Caminos desconocidos /
_cJesús Mariano Medrano
260 _c
264 _aSanto Domingo :
_bEditora Nacional;
_bMinisterio de Cultura
_c2021
300 _a101 páginas :
_c22 cm.
336 _atexto
_btxt
_2rdacontent
337 _asin mediación
_bn
_2rdamedia
338 _avolumen
_bnc
_2rdacarrier
500 _aIncluye datos biográficos del autor en la solapa de la cubierta
590 _aInventariado, 2025/VM
590 _6Inventariado, 2021/VM
650 7 _aNovela juvenil dominicana
650 7 _aProblemas familiares
_vNovela
650 7 _aLiteratura juvenil dominicana
710 2 _aComisionado Dominicano de Cultura
910 _aVMateo V. Control de calidad. BPMSU
942 _2ddc
_cBK
999 _c15459
_d15459